000 00206 a2200097 4500
001 58491
100 _a
245 _aMehboob-i- khuda
260 _aLahore
_bAl faisal
_c1993
090 _c35871
_d35871
942 _aNUST-CAE
_cMONOGRAPH
_c28748
999 _c293564
_d293564